Statistiques concernant Pokémon - Les attaques de Libégon

Cliquez ici pour prendre le quiz!

Statistiques générales

  • Ce quiz a été pris 9 fois
  • Le résultat moyen est 12 sur 25

Statistiques - réponses

NiveauxTypesNoms des attaques% Correct
DépartDragonDraco-Souffle
86%
DépartSolJet de Sable
86%
Niveau 12SolCoud'Boue
71%
DépartDragonDanse Draco
71%
Niveau 60DragonDraco-Charge
71%
Départ
Évolution
DragonDraco-Griffe
71%
Niveau 20DragonDraco-Queue
71%
Niveau 44SolSéisme
71%
DépartTénèbresMâchouille
57%
DépartTénèbresMorsure
57%
DépartSolPiétisol
57%
Niveau 38SolTelluriforce
57%
Niveau 16SolTourbi-Sable
57%
Niveau 28InsecteBourdon
43%
DépartSpectreÉtonnement
43%
Niveau 32RocheTempête de Sable
43%
DépartSolTunnel
43%
DépartSolAbîme
29%
Niveau 68NormalBang Sonique
29%
DépartNormalUltrason
29%
Niveau 24NormalGrincement
14%
DépartCombatSurpuissance
14%
DépartNormalAffilage
0%
Niveau 52NormalBrouhaha
0%
DépartNormalRuse
0%

Distribution des résultats

Percentile par nombre de réponses

% des personnes avec chaque résultat

Votre développement - résultats

Vous n’avez pas pris ce quiz